| 000 | 00655nam a22001817a 4500 | ||
|---|---|---|---|
| 003 | OSt | ||
| 005 | 20241217134701.0 | ||
| 008 | 241217b |||||||| |||| 00| 0 eng d | ||
| 020 | _a9781908501097 | ||
| 040 | _cCentral University Library | ||
| 245 |
_aLloyd's Law Reports : _bThe leading maritime and commercial law reports - 2012. Volume 1 / _c[Editors] Michael Daiches, Barrister ; Professor Robert Merkin |
||
| 260 |
_aLondon _bInforma UK Ltd _cc2012 |
||
| 300 |
_axvii, 690 pages _c25cm |
||
| 650 |
_2Law Reports _aMaritime _vCommercial |
||
| 700 |
_aMichael Daiches _cBarrister _eEditor |
||
| 700 |
_aRobert Merkin _cProfessor _eEditor |
||
| 942 |
_2lcc _cBK _n0 |
||
| 999 |
_c2403 _d2403 |
||